00292nam a2200121Ia 4500008004100000082001600041100001700057245004100074250000800115260003100123300000800154650000800162191201s2009 xx 000 0 und d a658.15bPAI aPANDEY,Mamta 0aInternational Business and Marketing a2nd aN. DelhibAITBS Pub.c2009 a332 aBBA